[Event "Fide Mercenarios 10th"]
[Site "Mexico City"]
[Date "1996.??.??"]
[Round "5"]
[White "Garcia, J."]
[Black "Franco, David"]
[Result "0-1"]
[WhiteElo "2205"]
[BlackElo "2065"]
[PlyCount "76"]
[EventDate "1996.??.??"]
[EventType "tourn"]
[EventRounds "11"]
[EventCountry "MEX"]
[SourceTitle "EXT 2000"]
[Source "ChessBase"]
[SourceDate "1999.11.16"]
[SourceVersion "1"]
[SourceVersionDate "1999.11.16"]
[SourceQuality "1"]

1. d4 Nf6 2. Nf3 d5 3. c4 e6 4. g3 Nbd7 5. Bg2 c6 6. b3 Ne4 7. 0-0 Bd6 8. Bb2 0-0 9. Nc3 Ndf6 10. Nd2 Nxc3 11. Bxc3 Qe7 12. e4 dxe4 13. Nxe4 Nxe4 14. Bxe4 f5 15. Bg2 f4 16. Re1 Qf6 17. Qc2 Bd7 18. c5 Bc7 19. d5 Qh6 20. d6 Bd8 21. gxf4 Qxf4 22. Be4 Bh4 23. Bxh7+ Kh8 24. Bxg7+ Kxg7 25. Be4 Qxf2+ 26. Kh1 Qxc2 27. Rg1+ Kh8 28. Bxc2 e5 29. Rg6 Rf6 30. Rag1 Raf8 31. Rg7 Bf5 32. Bxf5 Rxf5 33. Rxb7 R8f7 34. d7 Rf8 35. Rd1 e4 36. Rd4 Re5 37. Rd6 Bf6 38. Rc7 Re7 0-1

[Event "Fide Mercenarios 10th"]
[Site "Mexico City"]
[Date "1996.??.??"]
[Round "2"]
[White "Pla, Silvio"]
[Black "Franco, David"]
[Result "1/2-1/2"]
[WhiteElo "2230"]
[BlackElo "2065"]
[PlyCount "55"]
[EventDate "1996.??.??"]
[EventType "tourn"]
[EventRounds "11"]
[EventCountry "MEX"]
[SourceTitle "EXT 2000"]
[Source "ChessBase"]
[SourceDate "1999.11.16"]
[SourceVersion "1"]
[SourceVersionDate "1999.11.16"]
[SourceQuality "1"]

1. d4 Nf6 2. c4 c5 3. d5 b5 4. cxb5 e6 5. Nc3 exd5 6. Bg5 d4 7. Nd5 Be7 8. Bxf6 Bxf6 9. Qc2 d6 10. g3 Nd7 11. Qe4+ Kf8 12. Nxf6 gxf6 13. Qxa8 Qa5+ 14. Kd1 Nb6 15. Qe4 Bb7 16. Qxb7 Nc4 17. Qc8+ Ke7 18. Qb7+ Kd8 19. Nf3 Nxb2+ 20. Kc2 Qc3+ 21. Kb1 Nc4 22. Qb8+ Kd7 23. Qb7+ Kd8 24. Qb8+ Kd7 25. Qb7+ Ke8 26. Qc8+ Ke7 27. Qb7+ Kd8 28. Qb8+ 1/2-1/2

[Event "Fide Mercenarios 8th"]
[Site "Mexico City"]
[Date "1995.??.??"]
[Round "3"]
[White "Franco, David"]
[Black "Sorensen, J."]
[Result "0-1"]
[WhiteElo "2000"]
[BlackElo "2000"]
[PlyCount "100"]
[EventDate "1995.??.??"]
[EventType "tourn"]
[EventRounds "11"]
[EventCountry "MEX"]
[SourceTitle "EXT 2000"]
[Source "ChessBase"]
[SourceDate "1999.11.16"]
[SourceVersion "1"]
[SourceVersionDate "1999.11.16"]
[SourceQuality "1"]

1. e4 b6 2. d4 Bb7 3. Bd3 e6 4. Nf3 Nf6 5. Qe2 d5 6. exd5 Qxd5 7. c4 Bb4+ 8. Bd2 Bxd2+ 9. Nbxd2 Qd6 10. 0-0 0-0 11. Nb3 Qf4 12. Nbd2 Nc6 13. Ne4 Rad8 14. g3 Qh6 15. Rad1 Nxd4 16. Nxd4 Rxd4 17. Nxf6+ Qxf6 18. f4 Rfd8 19. Rd2 R4d6 20. Rfd1 Qd4+ 21. Kf1 Qc5 22. a3 Qc6 23. Qf2 Qf3 24. Ke1 Be4 25. Qxf3 Bxf3 26. Be2 Rxd2 27. Rxd2 Rxd2 28. Kxd2 Bxe2 29. Kxe2 Kf8 30. Ke3 Ke7 31. Ke4 Kd6 32. Kd4 a5 33. b3 f6 34. Kd3 g6 35. Kd4 h5 36. Ke4 Kc5 37. Kd3 c6 38. Kc3 g5 39. fxg5 fxg5 40. Kd3 b5 41. cxb5 cxb5 42. Ke4 Kd6 43. h3 e5 44. Kf5 Kd5 45. Kxg5 e4 46. Kf4 Kd4 47. g4 e3 48. gxh5 e2 49. h6 e1Q 50. Kg5 Qe4 0-1

[Event "Fide Mercenarios 5th"]
[Site "Mexico City"]
[Date "1995.??.??"]
[Round "9"]
[White "Franco, David"]
[Black "Vazquez, Elias"]
[Result "1-0"]
[WhiteElo "2000"]
[BlackElo "2000"]
[PlyCount "88"]
[EventDate "1995.??.??"]
[EventType "tourn"]
[EventRounds "11"]
[EventCountry "MEX"]
[SourceTitle "EXT 2000"]
[Source "ChessBase"]
[SourceDate "1999.11.16"]
[SourceVersion "1"]
[SourceVersionDate "1999.11.16"]
[SourceQuality "1"]

1. e4 e5 2. f4 exf4 3. Bc4 g5 4. Nf3 Bg7 5. 0-0 d6 6. d4 Nc6 7. c3 h6 8. g3 g4 9. Bxf4 gxf3 10. Qxf3 Nf6 11. Nd2 Bg4 12. Qe3 Qe7 13. Bb5 a6 14. Ba4 Bd7 15. Rae1 Nh5 16. Nf3 Nxf4 17. Qxf4 0-0 18. Bc2 Rae8 19. Rf2 Bh3 20. Qd2 Qd8 21. Qd3 f5 22. Nh4 Qg5 23. Rfe2 Bg4 24. Re3 h5 25. exf5 Rxe3 26. Rxe3 Bxf5 27. Nxf5 Rxf5 28. Re1 Rf8 29. Qh7+ Kf7 30. Bg6+ Qxg6 31. Rf1+ Qf6 32. Rxf6+ Kxf6 33. Qxh5 Rh8 34. Qg4 Ne7 35. h4 Rh6 36. Qf3+ Ke6 37. Qxb7 c6 38. Qxa6 Rg6 39. Kh2 Rf6 40. Kg2 Rg6 41. Qe2+ Kf6 42. g4 Nd5 43. g5+ Kf7 44. Kf3 Re6 1-0